| 000 | 01169nam a22002537a 4500 | ||
|---|---|---|---|
| 005 | 20080626103726.0 | ||
| 008 | 080618t xxu||||| |||| 00| 0 eng d | ||
| 010 | _aENG-90426-27 | ||
| 020 |
_c1500.00 (set) _a8131304068 (set) |
||
| 035 | _aEN-73959-60 | ||
| 037 | _bDBAD / PUB | ||
| 040 |
_aDPL _bEN |
||
| 082 | _a354.5400723 | ||
| 100 | _aVijay Kumar | ||
| 245 |
_aThe Comptroller & Auditor General of India: _cby Vijay Kumar ; foreword by V.N. Kaul _ba thematic history 1990-2007 / |
||
| 260 |
_aNew Delhi _bAPH Publishing Corporation _c2008 |
||
| 260 |
_a _b |
||
| 270 |
_a4435-36/7, Ansri Road, Darya Ganj, _bNew Delhi _e110002 |
||
| 300 |
_a2v. (xxxiii, 465p. ; xiii, 466-910p.) _c23 cm (Hb) |
||
| 500 | _aIncludes index | ||
| 942 |
_cEN _h354.5400723 _2ddc _mVIJ |
||
| 999 |
_c14019 _d14019 |
||